| 000 | 00506nam a22001577a 4500 | ||
|---|---|---|---|
| 005 | 20231130072448.0 | ||
| 008 | 231130b |||||||| |||| 00| 0 eng d | ||
| 041 | _aAfrikaans | ||
| 082 | _a340.03 HIE | ||
| 100 |
_aHiemstra, VG en Gonin, HL _lAfrikaans |
||
| 245 |
_aEngels-Afrikaanse Regswoordeboek / _cVG Hiemstra en HL Gonin |
||
| 260 |
_aKaapstad : _bJuta en Kie. Bpk, _c1963 |
||
| 300 |
_b148 pages ; _c26 cm. |
||
| 650 |
_aLegal practice _bLaw |
||
| 942 |
_cBK _6ALISON_BN_VRIES |
||
| 999 |
_c1074 _d1074 |
||